1927 год, № 1; Вестник Геологического Комитета; О возрасте нижней границы Тельбесской формации; Кембрий и докембрий в Горном Алтае

Chi tiết về thư mục
Parent link:Вестник Геологического Комитета/ Геологический комитет (Геолком). 1927 год, № 1.— , 1925-
Tác giả khác: Тетяев М. М. (редактор)
Ngôn ngữ:Tiếng Nga
Được phát hành: 1927
TOC:М. К. Коровин, К. В. Радугин, О возрасте нижней границы Тельбесской формации;
В. П. Нехорошев, Кембрий и докембрий в Горном Алтае;
Loạt:Известия Геологического комитета: Приложение Т. 46
Những chủ đề:
Định dạng: MixedMaterials Sách
KOHA link:https://koha.lib.tpu.ru/cgi-bin/koha/opac-detail.pl?biblionumber=239480

MARC

LEADER 00000nam2a2200000 4500
001 239480
005 20231101231657.0
035 |a (RuTPU)RU\TPU\book\260699 
035 |a RU\TPU\book\260697 
090 |a 239480 
100 |a 20130610d1927 k y0rusy50 ca 
101 0 |a rus 
102 |a RU 
105 |a a z 001zy 
200 0 |a 1927 год, № 1  |f отв. ред. М. М. Тетяев 
210 |d 1927 
215 |a 114 с.  |c ил. 
225 1 |a Известия Геологического комитета: Приложение  |v Т. 46 
317 |5 63413507: КР-1174  |a Поступила в НТБ в 2004 г. в составе книжного собрания профессора ТПИ К. В. Радугина. 
320 |a Библиогр. в конце ст. 
461 1 |0 (RuTPU)RU\TPU\book\253525  |t Вестник Геологического Комитета  |f Геологический комитет (Геолком)  |v 1927 год, № 1  |d 1925- 
464 |t О возрасте нижней границы Тельбесской формации  |f М. К. Коровин, К. В. Радугин 
464 |t Кембрий и докембрий в Горном Алтае  |f В. П. Нехорошев  |a Нехорошев, В. П. 
606 1 |a Геология  |2 stltpush  |3 (RuTPU)RU\TPU\subj\6095  |9 34054 
610 1 |a Тельбесский железорудный район 
610 1 |a Горный Алтай 
610 1 |a кембрий 
610 1 |a докембрий 
610 1 |a рельеф 
610 1 |a Московская губерния 
610 1 |a Забайкалье 
610 1 |a Алдан 
610 1 |a месторождения 
610 1 |a Кубань 
610 1 |a Северный Кавказ 
610 1 |a библиотека К. В. Радугина 
610 1 |a библиотека М. А. Усова 
675 |a 55  |v 3 
702 1 |a Тетяев  |b М. М.  |4 340 
801 1 |a RU  |b 63413507  |c 20130204 
801 2 |a RU  |b 63413507  |c 20170411  |g RCR 
942 |c BK